000 00682nam a22001937a 4500
003 OSt
005 20240904113239.0
008 240904b ||||| |||| 00| 0 eng d
040 _cAIMIT LIBRARY
100 _aV, Pooja.
_e2216129
_9178674
245 _aStudy on job satisfaction among contract employee at industrial equipment manufacturing company /
_cBy Pooja V ; Guided by Rajani Suresh.
260 _aBengaluru ;
_c2024.
650 _aLiterature review
_9178675
650 _aData source
_9178676
650 _aManagerial implication
_9178677
700 _aSuresh, Rajani.
_eGuide
_9178678
856 _3Gears and Gear Drives India Pvt Ltd.
_ywww.ggdipl.com
942 _2ddc
_cPRO
999 _c231728
_d231728